東急多摩川線 駅名 - Statistics

General Stats
  • This quiz has been taken 32 times
  • The average score is 6 of 7
Answer Stats
Answer % Correct
TM01 多摩川
100%
TM07 蒲田
96%
TM05 武蔵新田
81%
TM06 矢口渡
81%
TM02 沼部
78%
TM03 鵜の木
78%
TM04 下丸子
78%
No matching quizzes found
Score Distribution
Percent of People with Each Score
Percentile by Number Answered
Your Score History
You have not taken this quiz